000 00365nam a2200109Ia 4500
008 220615s9999||||xx |||||||||||||| ||und||
245 4 _aThe Social Question in the Twenty-First Century
546 _aEnglish[eng]
650 _aSocial Science||Sociology||General
856 _uhttps://library.oapen.org/bitstream/20.500.12657/43461/1/external_content.pdf
942 _cEB
999 _c16592
_d16592